000 00449nam a2200145Ia 4500
008 231129s2017||||xx |||||||||||||| ||spa||
020 _a978-958-785-056-7
040 _bspa
082 _a(i) 398.2 I59m
100 _aInstitución Educativa las Marí­as
245 0 _aLas Marí­as
260 _c2017
264 _aBogotá Colombia : Ministerio de Educación Nacional : Ministerio de Cultura
942 _2ddc
_cBKS
999 _c18821
_d18821